Dime. Los niños, la lectura y la conversación
Na minha lista:
| Autor principal: | |
|---|---|
| Formato: | Livro |
| Idioma: | espanhol |
| Publicado em: |
Ciudad de México, México
Fondo de Cultura Económica
2007
|
| Colecção: | Espacios Para la Lectura
|
| Assuntos: | |
| Tags: |
Adicionar Tag
Sem tags, seja o primeiro a adicionar uma tag!
|
MARC
| LEADER | 00000cam a2200000 a 4500 | ||
|---|---|---|---|
| 001 | UCC8351 | ||
| 003 | CL-VaPUC | ||
| 005 | 20230627093313.0 | ||
| 008 | 190621e20070000mx |||||||||||||||||spa|d | ||
| 020 | |a 9789681684532 | ||
| 040 | |c Pontificia Universidad Católica de Valparaíso | ||
| 082 | 0 | 4 | |a 028.5 CHA 2007 |2 21 |
| 100 | 0 | |a Chambers, Aidan |e author |9 603030 | |
| 245 | 1 | 0 | |a Dime. |b Los niños, la lectura y la conversación |
| 260 | |a Ciudad de México, México |b Fondo de Cultura Económica |c 2007 | ||
| 300 | |a 171 páginas | ||
| 490 | 0 | |a Espacios Para la Lectura | |
| 583 | |a last modification |c 20190710 09:19:31 |k Rodrigo Vera | ||
| 650 | 0 | |a Fomento de la lectura |9 550607 | |
| 650 | 0 | |a Lectores |9 367970 | |
| 852 | |a BIBCUR | ||
| 942 | |c BK |2 ddc | ||
| 945 | |d 20190621 12:31:00 |a dcastane | ||
| 999 | |c 374697 |d 374695 | ||
| 952 | |0 0 |1 0 |3 erb |4 0 |6 028_500000000000000_CHA_2007 |7 0 |8 A |9 493381 |a BIBEDU |b BIBEDU |e 2 |g 6069.00 |i 5553547 |l 6 |m 4 |o 028.5 CHA 2007 |p 5553547 |r 2024-06-28 |s 2024-06-18 |v 6069.00 |w 2019-11-24 |y BK |z Catalogado en:20190621 |k LIT | ||